|
|
|
|
| LEADER |
00000nab a2200000 a 4500 |
| 001 |
vtls000479810 |
| 003 |
SK-MaSNL |
| 005 |
20260303234640.0 |
| 008 |
230313c1992 xo 0 slo |
| 015 |
|
|
|a SNBRB19rr/mm-uuuuu
|
| 035 |
|
|
|a CL0479945
|
| 035 |
|
|
|a urn:nbn:sk:snk-abbnbv
|
| 035 |
|
|
|a (urnnbn)urn:nbn:sk:snk:ar-0046fp
|
| 035 |
|
|
|a (uuid)c5a4106a-6760-460c-b340-8a3ff47f62ed
|
| 040 |
|
|
|a SNKBUCL
|b slo
|c SNKBUCL
|e AACR2
|
| 041 |
0 |
|
|a slo
|
| 044 |
|
|
|a xo
|c SK
|
| 080 |
|
|
|a 882-3
|2 1981
|
| 100 |
1 |
|
|a Pjecuch, Vjačeslav
|4 aut
|9 1189564
|
| 245 |
1 |
0 |
|a Anamnéz a Epikríz
|c Vjačeslav Pjecuch ; Prekl. Igor Otčenáš
|
| 500 |
|
|
|a Pozn. o aut. pod čiarou
|
| 650 |
0 |
7 |
|a poviedky spoločenské
|2 snkbucl
|9 318463
|
| 650 |
0 |
7 |
|a poviedky satirické
|2 snkbucl
|9 893880
|
| 655 |
|
7 |
|a články z novín a časopisov
|2 snkbucl
|9 267496
|
| 700 |
1 |
|
|a Otčenáš, Igor,
|d 1956-
|4 trl
|9 186730
|
| 773 |
0 |
|
|t Revue svetovej literatúry
|g Roč. 28, č. 6 (1992), s. 43-59
|
| 850 |
|
|
|a Slovenská národná knižnica v Martine
|a MTA001
|
| 852 |
|
|
|a SNK
|b KIS3GCP
|
| 958 |
|
|
|a OND
|
| 958 |
|
|
|a RK
|
| 958 |
|
|
|a LX
|
| 958 |
|
|
|a EUIPO
|
| 958 |
|
|
|a article15
|
| 999 |
|
|
|c 2521925
|d 2523855
|